| 000 | 00508nam a22001937a 4500 | ||
|---|---|---|---|
| 003 | MPLRDC | ||
| 005 | 20220104124527.0 | ||
| 008 | 210129b ||||| |||| 00| 0 eng d | ||
| 020 | _a7-5045-0775-X | ||
| 082 | _a308 KXYW v.1 | ||
| 100 | _a秦臻、李杏编著 | ||
| 245 |
_a天劫: 世界空难、海难之谜 _c |
||
| 250 | _a一版一刷 | ||
| 260 |
_a _b中国劳动出版社 _c1991 |
||
| 300 | _b平 | ||
| 490 | _a科学与文化之谜丛书 | ||
| 650 | _a科学丛书 | ||
| 942 |
_cBK _o308 KXYW v.1 |
||
| 999 |
_c20045 _d20035 |
||